Statistics for Top 15 Countries with Covid-19 Cases - 15 October

Click here to take the quiz!

General Stats

  • This quiz has been taken 21 times
  • The average score is 15 of 24

Answer Stats

country% Correct
Brazil
100%
France
100%
United Kingdom
100%
United States
100%
India
95%
Russia
95%
Spain
95%
Mexico
80%
Argentina
70%
Colombia
65%
Peru
65%
Chile
60%
Chile
60%
Iran
55%
South Africa
55%
Israel
50%
Costa Rica
40%
Iraq
40%
Panama
40%
Qatar
40%
Bahrain
35%
Kuwait
35%
Oman
35%
Armenia
25%

Score Distribution

Percentile by Number Answered

Percent of People with Each Score

Your Score History

You have not taken this quiz